[Event "Sitges op 45th"]
[Site "Sitges"]
[Date "2019.07.22"]
[Round "1"]
[White "Gurrutxaga Telleria, Jose Luis"]
[Black "Sturt, Raven M"]
[Result "0-1"]
[WhiteElo "2034"]
[BlackElo "2429"]
[PlyCount "72"]
[EventDate "2019.07.22"]
[EventType "swiss"]
[EventRounds "9"]
[EventCountry "ESP"]
[SourceTitle "CBM 191 Extra"]
[Source "ChessBase"]
[SourceDate "2019.09.30"]
[SourceVersion "1"]
[SourceVersionDate "2019.09.30"]
[SourceQuality "1"]

1. d4 d5 2. c4 c6 3. Nf3 Nf6 4. e3 Bf5 5. cxd5 Nxd5 6. Nbd2 Bg6 7. h4 Bh5 8. Nc4 Nd7 9. Qb3 e6 10. Bd2 Bxf3 11. gxf3 b6 12. 0-0-0 Be7 13. e4 N5f6 14. Bf4 0-0 15. Kb1 b5 16. Ne5 Qb6 17. Bg5 Rfe8 18. Nxd7 Nxd7 19. Bxe7 Rxe7 20. Rg1 a5 21. Qe3 a4 22. Bh3 Kh8 23. f4 a3 24. Qg3 f5 25. b3 fxe4 26. Bxe6 Nf6 27. f5 Rd8 28. Qc3 Nd5 29. Bxd5 cxd5 30. Qc5 Qxc5 31. dxc5 Re5 32. Rgf1 Rxf5 33. b4 Kg8 34. Rd4 Kf7 35. Kc2 Ke6 36. Kd1 Ke5 0-1

[Event "Barcelona Sants op 20th"]
[Site "Barcelona"]
[Date "2018.08.17"]
[Round "1"]
[White "Gurrutxaga Telleria, Jose Luis"]
[Black "Karthik, Venkataraman"]
[Result "0-1"]
[WhiteElo "2112"]
[BlackElo "2502"]
[PlyCount "66"]
[EventDate "2018.08.17"]
[EventType "swiss"]
[EventRounds "10"]
[EventCountry "ESP"]
[SourceTitle "CBM 186 Extra"]
[Source "ChessBase"]
[SourceDate "2018.08.24"]
[SourceVersion "1"]
[SourceVersionDate "2018.08.24"]
[SourceQuality "1"]

1. d4 Nf6 2. c4 e6 3. Nf3 Bb4+ 4. Nbd2 0-0 5. a3 Be7 6. e4 d6 7. Be2 c5 8. b4 cxd4 9. Nxd4 b6 10. f4 e5 11. Nf5 Bb7 12. Bf3 Nbd7 13. 0-0 exf4 14. Nb3 Ne5 15. Qe2 Nxf3+ 16. gxf3 Nh5 17. Bb2 Re8 18. Rad1 Bf8 19. Qg2 Re6 20. Kh1 Rg6 21. Qc2 Qg5 22. Rd2 Re8 23. Rg2 Qd8 24. Qc3 Nf6 25. Rfg1 Kh8 26. Nd2 Bc8 27. Nh4 Rxg2 28. Nxg2 Nh5 29. Nxf4 Nxf4 30. Rxg7 Re5 31. Rxf7 Bh6 32. c5 Bh3 33. Qc4 Qg5 0-1

[Event "Barcelona Sants op 19th"]
[Site "Barcelona"]
[Date "2017.08.18"]
[Round "1"]
[White "Gurrutxaga Telleria, Jose Luis"]
[Black "Hertneck, Gerald"]
[Result "0-1"]
[WhiteElo "2098"]
[BlackElo "2498"]
[PlyCount "30"]
[EventDate "2017.08.18"]
[EventType "swiss"]
[EventRounds "10"]
[EventCountry "ESP"]
[SourceTitle "CBM 180 Extra"]
[Source "ChessBase"]
[SourceDate "2017.10.06"]
[SourceVersion "1"]
[SourceVersionDate "2017.10.06"]
[SourceQuality "1"]

1. d4 Nf6 2. c4 c5 3. d5 b5 4. cxb5 a6 5. Nc3 axb5 6. e4 b4 7. Nb5 d6 8. Bf4 g6 9. e5 Nh5 10. exd6 exd6 11. Qe2+ Kd7 12. g3 Nxf4 13. gxf4 Qe7 14. Bh3+ f5 15. Qe6+ Kd8 0-1

[Event "Barcelona Sants op-A18th"]
[Site "Barcelona"]
[Date "2016.08.22"]
[Round "4"]
[White "Gurrutxaga Telleria, Jose Luis"]
[Black "Proietti, Tosca"]
[Result "1-0"]
[WhiteElo "2095"]
[BlackElo "1900"]
[PlyCount "57"]
[EventDate "2016.08.19"]
[EventType "swiss"]
[EventRounds "10"]
[EventCountry "ESP"]
[SourceTitle "EXT 2017"]
[Source "ChessBase"]
[SourceDate "2016.10.25"]
[SourceVersion "1"]
[SourceVersionDate "2016.10.25"]
[SourceQuality "1"]

1. d4 Nf6 2. c4 g6 3. Nc3 Bg7 4. e4 d6 5. f4 0-0 6. Nf3 c5 7. d5 e6 8. Be2 exd5 9. cxd5 Re8 10. e5 dxe5 11. fxe5 Ng4 12. Bg5 Qb6 13. 0-0 Nxe5 14. Nxe5 Bxe5 15. Bc4 Bd4+ 16. Kh1 a6 17. d6 Be6 18. Bxe6 Rxe6 19. Qf3 f5 20. Rae1 Qxd6 21. Qxb7 Rxe1 22. Rxe1 Qc6 23. Qb3+ c4 24. Qd1 Qd7 25. Re7 Qd6 26. Re8+ Kf7 27. Rd8 Qxd8 28. Bxd8 Nc6 29. Bb6 1-0

[Event "Barcelona Sants op 17th"]
[Site "Barcelona"]
[Date "2015.08.23"]
[Round "3"]
[White "Aabling Thomsen, Jakob"]
[Black "Gurrutxaga Telleria, Jose Luis"]
[Result "1-0"]
[WhiteElo "2333"]
[BlackElo "2102"]
[PlyCount "73"]
[EventDate "2015.08.21"]
[EventType "swiss"]
[EventRounds "10"]
[EventCountry "ESP"]
[SourceTitle "EXT 2016"]
[Source "ChessBase"]
[SourceDate "2015.10.08"]
[SourceVersion "1"]
[SourceVersionDate "2015.10.08"]
[SourceQuality "1"]

1. d4 Nf6 2. Nc3 d5 3. Bg5 c5 4. Bxf6 exf6 5. e3 Nc6 6. dxc5 Be6 7. Bd3 Bxc5 8. Qh5 g6 9. Qh6 d4 10. Qg7 Rf8 11. exd4 Qxd4 12. 0-0-0 0-0-0 13. Nge2 Qxf2 14. Be4 Nd4 15. Nxd4 Bxd4 16. Kb1 f5 17. Rxd4 Qxd4 18. Qxd4 Rxd4 19. Bf3 a6 20. b3 Bd7 21. Nd5 Be6 22. c4 b5 23. Rc1 bxc4 24. bxc4 Kd7 25. Kb2 Rd2+ 26. Kc3 Rxa2 27. Nb4 Ra5 28. Kd4 Rd8 29. Nc6 Ra2 30. Nxd8 Kxd8 31. c5 Ra4+ 32. Ke5 Ke7 33. Rb1 a5 34. Rb7+ Ke8 35. Ra7 Ra1 36. Kd6 Rd1+ 37. Bxd1 1-0

[Event "Barcelona Sants op 16th"]
[Site "Barcelona"]
[Date "2014.08.29"]
[Round "8"]
[White "Gurrutxaga Telleria, Jose Luis"]
[Black "Pogan, Nikolas"]
[Result "0-1"]
[WhiteElo "2082"]
[BlackElo "2313"]
[PlyCount "54"]
[EventDate "2014.08.22"]
[EventType "swiss"]
[EventRounds "10"]
[EventCountry "ESP"]
[SourceTitle "CBM 162 Extra"]
[Source "ChessBase"]
[SourceDate "2014.10.17"]
[SourceVersion "1"]
[SourceVersionDate "2014.10.17"]
[SourceQuality "1"]

1. d4 Nf6 2. c4 g6 3. Nc3 Bg7 4. e4 d6 5. f4 0-0 6. Nf3 c5 7. d5 e6 8. Be2 exd5 9. cxd5 Re8 10. e5 Nfd7 11. exd6 Nf6 12. Nb5 Qa5+ 13. Kf1 Na6 14. Ne5 Nd7 15. Nc4 Qd8 16. h4 Nf6 17. g3 Ne4 18. Kg2 Bd7 19. Ne5 Bf5 20. g4 Bd7 21. a3 Bf8 22. Nc4 Bxb5 23. h5 Nxd6 24. hxg6 fxg6 25. b3 Bg7 26. Ra2 Ne4 27. Ne5 Nc3 0-1

[Event "Barcelona Sants op 08th"]
[Site "Barcelona"]
[Date "2006.08.25"]
[Round "1"]
[White "Gurrutxaga Telleria, Jose Luis"]
[Black "Gonzalez Garcia, Jose"]
[Result "0-1"]
[WhiteElo "2028"]
[BlackElo "2503"]
[PlyCount "68"]
[EventDate "2006.08.25"]
[EventType "swiss"]
[EventRounds "10"]
[EventCountry "ESP"]
[SourceTitle "CBM 113 Extra"]
[Source "ChessBase"]
[SourceDate "2006.09.14"]
[SourceVersion "1"]
[SourceVersionDate "2006.09.14"]
[SourceQuality "1"]

1. d4 e6 2. Nf3 Nf6 3. c4 d5 4. cxd5 exd5 5. Bg5 Nbd7 6. Nc3 Bb4 7. e3 c5 8. Bd3 Qa5 9. 0-0 c4 10. Bc2 Bxc3 11. bxc3 Qxc3 12. Rb1 0-0 13. e4 Qa5 14. e5 Ne4 15. Be7 Re8 16. Bb4 Qa6 17. Bxe4 dxe4 18. Nd2 Qc6 19. Qe2 a5 20. Bd6 b5 21. Qxe4 Qxe4 22. Nxe4 b4 23. Rfc1 Bb7 24. f3 Bxe4 25. fxe4 Rac8 26. Kf2 f6 27. exf6 Nxf6 28. e5 Ne4+ 29. Kg1 c3 30. a3 Nd2 31. axb4 Nxb1 32. Rxb1 axb4 33. Bc5 c2 34. Rc1 Rxc5 0-1

[Event "Vila de Poblenou op"]
[Site "Barcelona"]
[Date "2001.08.17"]
[Round "2.8"]
[White "Gurrutxaga Telleria, Jose Luis"]
[Black "Lacasa Diaz, Jose Antonio"]
[Result "0-1"]
[WhiteElo "2052"]
[BlackElo "2314"]
[PlyCount "74"]
[EventDate "2001.08.16"]
[EventType "swiss"]
[EventRounds "9"]
[EventCountry "ESP"]
[SourceTitle "EXT 2002"]
[Source "ChessBase"]
[SourceDate "2001.11.25"]
[SourceVersion "1"]
[SourceVersionDate "2001.11.25"]
[SourceQuality "1"]

1. e4 c5 2. Nf3 e6 3. d3 d5 4. Nbd2 Nf6 5. g3 Be7 6. Bg2 Nc6 7. 0-0 0-0 8. Re1 Qc7 9. e5 Nd7 10. Qe2 b5 11. Nf1 Bb7 12. Bf4 Nd4 13. Nxd4 cxd4 14. h4 Rfc8 15. Rac1 b4 16. Nh2 a5 17. Nf3 Qb6 18. Ng5 a4 19. Qg4 b3 20. cxb3 axb3 21. a3 Rc2 22. Rb1 Nc5 23. Bf1 Ba6 24. Red1 Na4 25. Bc1 Rac8 26. Nf3 f5 27. Qf4 Bxa3 28. bxa3 Nc3 29. Bb2 Rxb2 30. Rxb2 Nxd1 31. Rb1 Nc3 32. Rb2 Na4 33. Rb1 b2 34. Qg5 Nc3 35. Qe7 Nxb1 36. Ng5 Nd2 37. Nxe6 Qb7 0-1

[Event "Castelldefels-A"]
[Site "Castelldefels"]
[Date "2001.??.??"]
[Round "7"]
[White "Abad Sanmartin, Jorge"]
[Black "Gurrutxaga Telleria, Jose Luis"]
[Result "1-0"]
[WhiteElo "2195"]
[BlackElo "2050"]
[PlyCount "65"]
[EventDate "2001.05.??"]
[EventType "tourn"]
[EventRounds "9"]
[EventCountry "ESP"]
[SourceTitle "EXT 2002"]
[Source "ChessBase"]
[SourceDate "2001.11.25"]
[SourceVersion "1"]
[SourceVersionDate "2001.11.25"]
[SourceQuality "1"]

1. d4 Nf6 2. Nc3 d5 3. Bf4 Nh5 4. Be5 Nf6 5. e3 c6 6. h3 Nbd7 7. Bh2 e6 8. Bd3 Bb4 9. Nge2 0-0 10. 0-0 Re8 11. f4 c5 12. a3 Ba5 13. dxc5 Bxc3 14. Nxc3 Nxc5 15. Nb5 Qb6 16. b4 Nce4 17. Nd4 Bd7 18. Qe1 a5 19. Rb1 a4 20. g4 h6 21. Qh4 Nd2 22. g5 hxg5 23. fxg5 Nfe4 24. Qh5 Rf8 25. Rf4 e5 26. Rh4 Nf3+ 27. Qxf3 Nxg5 28. Qg3 Nxh3+ 29. Rxh3 exd4 30. Bh7+ Kh8 31. Bg6+ Kg8 32. Rh8+ Kxh8 33. Qh4+ 1-0

[Event "Castelldefels-A"]
[Site "Castelldefels"]
[Date "2001.??.??"]
[Round "9"]
[White "Gallego Romero, Albert"]
[Black "Gurrutxaga Telleria, Jose Luis"]
[Result "1/2-1/2"]
[WhiteElo "2200"]
[BlackElo "2050"]
[PlyCount "36"]
[EventDate "2001.05.??"]
[EventType "tourn"]
[EventRounds "9"]
[EventCountry "ESP"]
[SourceTitle "EXT 2002"]
[Source "ChessBase"]
[SourceDate "2001.11.25"]
[SourceVersion "1"]
[SourceVersionDate "2001.11.25"]
[SourceQuality "1"]

1. c4 e5 2. Nc3 c6 3. Nf3 e4 4. Nxe4 d5 5. cxd5 cxd5 6. Ng3 h5 7. h4 Bd6 8. d4 Qc7 9. Ne5 Bxe5 10. dxe5 Qxe5 11. e3 Nf6 12. Be2 Bg4 13. Bd2 Bxe2 14. Qxe2 Nc6 15. Bc3 Qc7 16. Nf5 0-0-0 17. Rc1 d4 18. Bd2 dxe3 1/2-1/2

[Event "Barcelona Sants op 03rd"]
[Site "Barcelona"]
[Date "2001.??.??"]
[Round "?"]
[White "Penas Hernandez, Yolanda"]
[Black "Gurrutxaga Telleria, Jose Luis"]
[Result "0-1"]
[WhiteElo "2036"]
[BlackElo "2052"]
[PlyCount "108"]
[EventDate "2001.08.??"]
[EventType "swiss"]
[EventRounds "9"]
[EventCountry "ESP"]
[SourceTitle "EXT 2005"]
[Source "ChessBase"]
[SourceDate "2004.11.15"]
[SourceVersion "1"]
[SourceVersionDate "2004.11.15"]
[SourceQuality "1"]

1. e4 c5 2. Nf3 d6 3. d4 cxd4 4. Nxd4 Nf6 5. Nc3 Nc6 6. f3 Qb6 7. Nb3 a5 8. a4 Be6 9. Bb5 Bd7 10. Qe2 Nb4 11. Bg5 Rc8 12. Bxd7+ Nxd7 13. Bh4 g6 14. Bf2 Qc7 15. 0-0 Bg7 16. Nd4 Qc4 17. Qd2 0-0 18. Rac1 b6 19. Ncb5 Bxd4 20. Nxd4 Na2 21. Ra1 Nb4 22. Rfc1 Rfd8 23. Ra3 Nc5 24. Rc3 Qa6 25. b3 Na2 26. Nb5 Nxc1 27. Qxc1 Ne6 28. f4 Rxc3 29. Nxc3 Rc8 30. Nd5 Qb7 31. Nxb6 Rc6 32. Nd5 Nc5 33. Bh4 f6 34. Qe3 Ne6 35. Qe2 Kf7 36. Qd3 Qa7+ 37. Bf2 Qa6 38. Qh3 Nf8 39. c4 Qc8 40. f5 Qd7 41. Bb6 Qb7 42. Bxa5 Qa7+ 43. Bb6 Rxb6 44. Nxb6 Qxb6+ 45. Kf1 Qd4 46. Qf3 Kg7 47. Ke2 Nd7 48. Qd3 Qb2+ 49. Kd1 Nc5 50. Qc2 Qxb3 51. Qxb3 Nxb3 52. Kc2 Nc5 53. a5 gxf5 54. exf5 Kh6 0-1